000 00305nam a22001337a 4500
008 170622b xxu||||| |||| 00| 0 eng d
020 _a0881333255
041 _aeng
080 _a32
100 _a20
101 _aSHP
245 _aTHE MAFIA OF A SICILIAN VILLAGE, 1860--1960
_cBLOK,A
942 _2udc
_cBK
999 _c18592
_d18592